| 000 | 00621nam a2200217 a 4500 | ||
|---|---|---|---|
| 999 |
_c4091 _d4091 |
||
| 001 | 4091 | ||
| 003 | BD-JhCC | ||
| 005 | 20171122194713.0 | ||
| 008 | 171122s1376 bg |||| ||a| 000 0 ben d | ||
| 035 | _a(BD-JhCC) 4091 | ||
| 040 |
_aBD-JhCC _dBD-JhCC |
||
| 041 | _aben | ||
| 082 |
_a891.4435 _bOSM 1376 |
||
| 100 | _aওসমান, শওকত | ||
| 245 |
_aছোটদের নানা গল্প / _cশওকত ওসমান |
||
| 260 |
_aঢাকা : _bপ্রকাশ ভবন ঢাকা, _c1376 |
||
| 300 |
_a116 p.: _c22 cm . |
||
| 650 | _aShort Stories | ||
| 942 |
_2ddc _cBK |
||